Словарь по литейному производству: английский, русский, немецкий, французский
| Auteur principal: | |
|---|---|
| Autres auteurs: | , |
| Langue: | russe anglais allemand français |
| Publié: |
Москва, МИСиС, 2000
|
| Sujets: | |
| Format: | Livre |
| KOHA link: | https://koha.lib.tpu.ru/cgi-bin/koha/opac-detail.pl?biblionumber=24839 |
MARC
| LEADER | 00000nam0a2200000 4500 | ||
|---|---|---|---|
| 001 | 24839 | ||
| 005 | 20231030200443.0 | ||
| 010 | |a 5876230820 | ||
| 035 | |a (RuTPU)RU\TPU\book\25071 | ||
| 035 | |a BOOK00000026 | ||
| 090 | |a 24839 | ||
| 100 | |a 20011209d2000 km y0rusy50 ca | ||
| 101 | 0 | |a rus |a eng |a ger |a fre | |
| 102 | |a RU | ||
| 105 | |a y e 000zy | ||
| 200 | 1 | |a Словарь по литейному производству: английский, русский, немецкий, французский |f Л. Я. Козлов, С. А. Никулин, Е. Г. Пилецкая | |
| 210 | |a Москва |c МИСиС |d 2000 | ||
| 215 | |a 240 с. | ||
| 610 | 1 | |a многоязычные словари | |
| 610 | 1 | |a терминологические словари | |
| 610 | 1 | |a английский язык | |
| 610 | 1 | |a русский язык | |
| 610 | 1 | |a немецкий язык | |
| 610 | 1 | |a французский язык | |
| 610 | 1 | |a литейное производство | |
| 675 | |a 621.74(038) |v 3 | ||
| 686 | |a Ш12-4 |v LBC/SL-A |2 rubbk | ||
| 700 | 1 | |a Козлов |b Л. Я. |g Леонид Яковлевич | |
| 701 | 1 | |a Никулин |b С. А. |g Сергей Анатольевич | |
| 701 | 1 | |a Пилецкая |b Е. Г. |g Елена Георгиевна | |
| 801 | 0 | |a RU |b 63413507 |c 20011209 |g PSBO | |
| 801 | 2 | |a RU |b 63413507 |c 20150827 |g PSBO | |
| 942 | |c BK | ||
| 959 | |a 176/20041221 |d 5 |e 0 |f НФ:5 | ||